| 000 | nam a22 7a 4500 | ||
|---|---|---|---|
| 999 |
_c342270 _d342270 |
||
| 003 | NUST | ||
| 005 | 20171215100801.0 | ||
| 008 | 171215b xxu||||| |||| 00| 0 eng d | ||
| 020 | _a3527283366 | ||
| 040 | _c0 | ||
| 082 | _a660.6 KLE | ||
| 245 |
_aA Multi-Volume Comprehensive Treatise Biotechnology: _bsecond,completely revised edition _cEditors by J.Klein, J.Winter |
||
| 260 |
_aweinheim _bWiley-VCH _c2000 |
||
| 300 | _a504p. | ||
| 500 | _aH.P | ||
| 942 |
_2ddc _cBK _kIESE |
||